| 000 | 00676nam a2200205Ia 4500 | ||
|---|---|---|---|
| 008 | 130821s2010 ck gr spa | ||
| 020 | _a9584466051 | ||
| 040 |
_aCo-BoUCM _bspa |
||
| 041 | 0 | 0 | _aspa |
| 100 | 1 |
_aLondoño Restrepo, Consuelo _9159115 |
|
| 245 | 1 | 0 |
_aNotariado en marcha _cConsuelo Londoño Restrepo. |
| 246 | 1 | 4 |
_aNotariado en marcha _bperspectiva notarial. |
| 260 |
_aMedellín (Antioquia, Colombia) _bLealon _c2010 |
||
| 300 | _a225 páginas | ||
| 650 | 0 | 4 |
_aDerecho notarial _912801 |
| 650 | 0 | 4 |
_aDerecho procesal _912822 |
| 650 | 0 | 4 |
_aNotariado y registro _920451 |
| 942 |
_cLIBRO _a8 _e1 _mL847n _2DEWEY _h347.016 |
||
| 999 |
_c36646 _d36646 |
||